000 00988nas a2200325 4500
001 BR2010000648
003 BR-BrBNA
005 20231205113910.0
007 ta
008 230509b bl.|||p| |||| 00| 00por d
040 _aBR-BrBNA
_bpor
_cBiblioteca Nacional de Agricultura
041 _a(Pt)
072 _aL02
100 1 _aMiotto, F.R.C.
100 1 _aNeiva, J.N.M.
100 1 _aVoltolini, T.V.
100 1 _aRogério, M.C.P.
100 1 _aCastro, K.J. de
245 1 _aDesempenho produtivo de tourinhos Nelore x Limousin alimentados com dietas contendo gérmen de milho integral
650 _aTOURO
650 _aDIETA
650 _aGERME DE TRIGO
650 _aCONFINAMENTO
650 _aCONVERSÃO ALIMENTAR
650 _aGANHO DE PESO
650 _aVALOR NUTRITIVO
773 0 _tRevista Ciência Agronômica (Brazil)
_xISSN 0045-6888
_g(Oct-Dec 2009), v. 40(4) p. 624-632
_wBR2010000648
909 _a202311
_bLúcia
_c55
_dLúcia Elande
942 _2AGRIS
_n0
_cANA
999 _c206182
_d206182